Género: una herramienta teórica para el estudio de la subjetividad masculina /
Uloženo v:
| Hlavní autor: | |
|---|---|
| Další autoři: | |
| Médium: | Text |
| Témata: | |
| Tagy: |
Přidat tag
Žádné tagy, Buďte první, kdo vytvoří štítek k tomuto záznamu!
|
MARC
| LEADER | 00000 a a2200000 04500 | ||
|---|---|---|---|
| 001 | 41145 | ||
| 003 | |||
| 040 | |||
| 100 | |a Burin, Mabel | ||
| 245 | |a Género: |b una herramienta teórica para el estudio de la subjetividad masculina / |c Mabel Burin; Irene Meler | ||
| 650 | |a PSICOANALISIS | ||
| 650 | |a GENERO/ | ||
| 650 | |a ASPECTOS PSICOLOGICOS | ||
| 650 | |a DESARROLLO DE LA PERSONALIDAD | ||
| 650 | |a RELACIONES DE GENERO | ||
| 650 | |a ROL DE LA MUJER | ||
| 650 | |a ROL MASCULINO | ||
| 650 | |a FEMENISMO | ||
| 650 | |a VIOLENCIA CONTRA LAS MUJERES | ||
| 650 | |a SALUD MENTAL | ||
| 650 | |a SEXUALIDAD | ||
| 650 | |a ENFERMEDADES | ||
| 700 | |a Meler, Irene | ||
| 773 | |g páginas 21-69 | ||
| 999 | |c 23034 |d 23034 | ||
